| 000 | 00572cam a2200217 a 4500 | ||
|---|---|---|---|
| 001 | 4732071 | ||
| 005 | 20180815081810.0 | ||
| 008 | 840418s1984 caua b 001 0 eng | ||
| 010 | _a 84007482 | ||
| 020 | _a0534033970 | ||
| 040 |
_aDLC _cDLC _dDLC |
||
| 041 | _aeng | ||
| 080 | _a387.7068 | ||
| 082 | 0 | 0 |
_a387.7068 _219 |
| 100 | 1 | _a60 | |
| 101 | _aMAN | ||
| 245 | 1 | 0 |
_aAir transportation, a management perspective / _cAlexander T. Wells. |
| 504 | _aIncludes bibliographies and index. | ||
| 906 |
_a7 _bcbc _corignew _d1 _eocip _f19 _gy-gencatlg |
||
| 942 |
_2ddc _cBK |
||
| 999 |
_c47192 _d47192 |
||